[Event "World Rapid 2018"]
[Site "St Petersburg RUS"]
[Date "2018.12.26"]
[Round "5.72"]
[White "Tari, Aryan"]
[Black "Drygalov, Sergey"]
[Result "1-0"]
[WhiteTitle "GM"]
[BlackTitle "IM"]
[WhiteElo "2620"]
[BlackElo "2446"]
[WhiteFideId "1510045"]
[BlackFideId "24171743"]
[EventDate "2018.12.26"]

1. e4 c5 2. Nf3 e6 3. d4 cxd4 4. Nxd4 Nc6 5. Nc3 Qc7 6. Qd3 a6 7. Nxc6 bxc6 8.
Qg3 Qxg3 9. hxg3 d5 10. g4 Nf6 11. g5 Nxe4 12. Nxe4 dxe4 13. Rh4 g6 14. Be3 Bg7
15. O-O-O O-O 16. Bc4 a5 17. Rxe4 e5 18. Rh4 Bf5 19. Rdh1 Rfd8 20. Rxh7 Be4 21.
R1h2 Bd5 22. R7h4 Rd7 23. c3 a4 24. Kc2 Rb7 25. f3 Rab8 26. Bc1 a3 27. b3 e4 28.
Bxd5 cxd5 29. fxe4 d4 30. Bxa3 Ra8 31. Bb2 Rxa2 32. cxd4 f6 33. Kb1 Ra6 34. gxf6
Bxf6 35. R4h3 Rab6 36. Kc2 Rc7+ 37. Rc3 Rd7 38. Rc4 Rdb7 39. Rh3 1-0

[Event "World Rapid 2018"]
[Site "St Petersburg RUS"]
[Date "2018.12.26"]
[Round "5.73"]
[White "Gabrielian, Artur"]
[Black "Lomasov, Semyon"]
[Result "1/2-1/2"]
[WhiteTitle "GM"]
[BlackTitle "IM"]
[WhiteElo "2499"]
[BlackElo "2553"]
[WhiteFideId "4131002"]
[BlackFideId "24164879"]
[EventDate "2018.12.26"]

1. e4 e6 2. d4 d5 3. Nd2 c5 4. Ngf3 cxd4 5. Nxd4 Nc6 6. Bb5 Bd7 7. Nxc6 bxc6 8.
Bd3 Qc7 9. Qe2 Ne7 10. Nf3 Ng6 11. O-O Bd6 12. Re1 Nf4 13. Bxf4 Bxf4 14. g3 Bd6
15. exd5 cxd5 16. Rac1 Qb6 17. c4 dxc4 18. Rxc4 g6 19. Rd4 Bc5 20. Rxd7 Kxd7 21.
Ne5+ Ke7 22. Qf3 f6 23. Nc6+ Kf7 24. Ne5+ Ke7 25. Nc6+ Kf7 26. Ne5+ Ke7 1/2-1/2

[Event "World Rapid 2018"]
[Site "St Petersburg RUS"]
[Date "2018.12.26"]
[Round "5.74"]
[White "Goganov, Aleksey"]
[Black "Bilguun, Sumiya"]
[Result "1-0"]
[WhiteTitle "GM"]
[BlackTitle "IM"]
[WhiteElo "2612"]
[BlackElo "2497"]
[WhiteFideId "24109959"]
[BlackFideId "4901541"]
[EventDate "2018.12.26"]

1. d4 d5 2. c4 e6 3. Nf3 c6 4. e3 Nf6 5. Bd3 Nbd7 6. b3 Bb4+ 7. Nbd2 e5 8. dxe5
Bc3 9. exf6 Bxa1 10. fxg7 Bxg7 11. cxd5 Nc5 12. Bb1 Qxd5 13. O-O Be6 14. e4 Qh5
15. b4 Nd7 16. Bd3 Rg8 17. g3 Bg4 18. Be2 Ne5 19. b5 Rd8 20. bxc6 Nxf3+ 21. Bxf3
Bxf3 22. Qxf3 Qxf3 23. Nxf3 bxc6 24. Be3 Rd3 25. Rb1 Bf6 26. Rb8+ Rd8 27. Rb3
Rg4 28. Rb4 Be7 29. Rc4 f5 30. Rxc6 Rxe4 31. Bxa7 Ra8 32. Be3 Rxa2 33. Rh6 f4
34. gxf4 Kf7 35. Rxh7+ Kg6 36. Rh8 Bf6 37. Rg8+ Kf7 38. Rc8 Re8 39. Rc5 Rg8+ 40.
Ng5+ Kg6 41. Kg2 Raa8 42. Kf3 Rac8 43. f5+ Kh5 44. Ne4 Rcf8 45. Rc6 Bg5 46. Bxg5
Rxg5 47. Ng3+ Rxg3+ 48. hxg3 Rxf5+ 49. Kg2 Ra5 50. Kh3 Ra3 51. Rc5+ Kg6 52. f4
Ra6 53. g4 Rb6 54. Kh4 Ra6 55. f5+ Kf6 56. g5+ Kf7 57. Rc7+ Kf8 58. Kh5 Rb6 59.
f6 1-0

[Event "World Rapid 2018"]
[Site "St Petersburg RUS"]
[Date "2018.12.26"]
[Round "5.75"]
[White "Shinkevich, Vitaly"]
[Black "Hirneise, Jens"]
[Result "1-0"]
[WhiteTitle "IM"]
[BlackTitle "FM"]
[WhiteElo "2439"]
[BlackElo "2371"]
[WhiteFideId "4122690"]
[BlackFideId "24614734"]
[EventDate "2018.12.26"]

1. d4 Nf6 2. Nf3 g6 3. c4 Bg7 4. g3 O-O 5. Bg2 d6 6. Nc3 Nc6 7. O-O Bf5 8. Ne1
Na5 9. b3 c5 10. e3 Nc6 11. Bb2 Qc8 12. d5 Nb8 13. Nd3 Bh3 14. e4 Bxg2 15. Kxg2
e5 16. f3 Nbd7 17. Bc1 Ne8 18. Bd2 Qd8 19. Qe2 Qe7 20. Rab1 Nc7 21. b4 cxb4 22.
Rxb4 b6 23. Rbb1 Na6 24. a3 f5 25. Nb4 Nxb4 26. axb4 Bf6 27. Ra1 Rfc8 28. Qd3
fxe4 29. Nxe4 Rc7 30. Rfc1 Rac8 31. Be3 Qf8 32. h4 Be7 33. c5 bxc5 34. bxc5 Nf6
35. c6 Nxe4 36. fxe4 Ra8 37. Rcb1 Qc8 38. Qe2 Bd8 39. Rf1 Be7 40. Qf3 Bf8 41.
Rab1 Qe8 42. Bc1 Rd8 43. Bd2 Ra8 44. Ba5 Rg7 45. Qg4 h5 46. Qe6+ Qxe6 47. dxe6
Rc8 48. c7 Re7 49. Rb8 Ree8 50. Rxc8 Rxc8 51. Rb1 1-0

[Event "World Rapid 2018"]
[Site "St Petersburg RUS"]
[Date "2018.12.26"]
[Round "5.76"]
[White "Nihal, Sarin"]
[Black "Golubov, Saveliy"]
[Result "1/2-1/2"]
[WhiteTitle "GM"]
[BlackTitle "IM"]
[WhiteElo "2576"]
[BlackElo "2482"]
[WhiteFideId "25092340"]
[BlackFideId "24176729"]
[EventDate "2018.12.26"]

1. e4 c5 2. Nf3 e6 3. d4 d5 4. exd5 exd5 5. Bb5+ Nc6 6. O-O Nf6 7. Re1+ Be6 8.
Nc3 Be7 9. dxc5 Bxc5 10. Be3 Bxe3 11. Rxe3 O-O 12. Nd4 Qd6 13. h3 Bd7 14. a3
Rfe8 15. Rxe8+ Rxe8 16. Qd2 h6 17. Rd1 Ne5 18. Bxd7 Qxd7 19. b3 Nc6 20. Nf3 Rd8
21. Ne2 Ne4 22. Qe3 Re8 23. Nf4 d4 24. Qd3 Qd6 25. Ne2 Nc5 26. Qd2 Ne4 27. Qd3
Nc5 28. Qd2 Ne4 29. Qd3 Nc5 30. Qd2 Ne4 31. Qd3 Nc5 32. Qd2 1/2-1/2

[Event "World Rapid 2018"]
[Site "St Petersburg RUS"]
[Date "2018.12.26"]
[Round "5.77"]
[White "Baron, Tal"]
[Black "Ovchinnikov, Vsevolod"]
[Result "1-0"]
[WhiteTitle "GM"]
[BlackTitle "FM"]
[WhiteElo "2532"]
[BlackElo "2329"]
[WhiteFideId "2809958"]
[BlackFideId "24176842"]
[EventDate "2018.12.26"]

1. d4 Nf6 2. Bf4 g6 3. Nc3 d5 4. Qd2 c6 5. f3 Nbd7 6. O-O-O b5 7. Qe1 b4 8. Nb1
e6 9. e4 Qa5 10. a3 Qb6 11. axb4 Bxb4 12. c3 Nh5 13. Be3 Bf8 14. Rd2 Ba6 15.
Bxa6 Qxa6 16. Qe2 Qb7 17. g4 Ng7 18. Bh6 a5 19. Nh3 a4 20. Nf2 Nb6 21. Rc2 Rg8
22. Nd3 Bd6 23. e5 Be7 24. h4 Nc4 25. Rh2 Qb5 26. Kd1 Kd7 27. Bg5 Ne8 28. Bxe7
Kxe7 29. h5 Nc7 30. Nb4 Na6 31. Na3 Nxa3 32. bxa3 Qxe2+ 33. Kxe2 c5 34. Nxa6
Rxa6 35. Rb2 Ra7 36. hxg6 hxg6 37. Kd3 Rc8 38. dxc5 Rxc5 39. Rb4 Rac7 40. Rc2
Ra5 41. Rcb2 Rac5 42. Rc2 Ra5 43. Rb8 Rac5 44. Rb4 Ra5 45. f4 Ra8 46. c4 Rh8 47.
Rxa4 Rh3+ 48. Kd2 Rf3 49. Rc3 Rxf4 50. cxd5 Rf2+ 51. Ke1 Rxc3 52. d6+ Ke8 53.
Ra8+ Kd7 54. Ra7+ Ke8 55. Ra8+ Kd7 56. Ra7+ Ke8 57. Kxf2 Rc5 58. Ra8+ Kd7 59.
Ra7+ Ke8 60. Re7+ Kd8 61. Rxf7 Rxe5 62. Re7 g5 63. Kf3 Kc8 64. a4 Kd8 65. Ra7
Kc8 66. a5 Kb8 67. Re7 Rd5 68. Rxe6 Rxa5 69. Re8+ 1-0

[Event "World Rapid 2018"]
[Site "St Petersburg RUS"]
[Date "2018.12.26"]
[Round "5.78"]
[White "Ghaem Maghami, Ehsan"]
[Black "Makoveev, Ilya"]
[Result "1-0"]
[WhiteTitle "GM"]
[BlackTitle "FM"]
[WhiteElo "2537"]
[BlackElo "2257"]
[WhiteFideId "12500739"]
[BlackFideId "34155748"]
[EventDate "2018.12.26"]

1. d4 Nf6 2. Nf3 g6 3. c4 Bg7 4. Nc3 d5 5. cxd5 Nxd5 6. e4 Nxc3 7. bxc3 O-O 8.
Ba3 Nd7 9. Bd3 c5 10. O-O Qa5 11. Bb2 b6 12. Nd2 Ba6 13. Nc4 Bxc4 14. Bxc4 cxd4
15. cxd4 Nc5 16. e5 Rad8 17. Qc2 Na4 18. Ba3 Rxd4 19. Bxe7 Re8 20. Bf6 Nc3 21.
Qb3 Nd5 22. g3 Qc5 23. Rac1 Rf8 24. Rfd1 Bxf6 25. Bxd5 Qxd5 26. Qxd5 Rxd5 27.
Rxd5 Be7 28. Rc7 Bc5 29. Rxa7 Re8 30. Kg2 h5 31. f4 Rc8 32. Rdd7 Be3 33. Rxf7
Rc2+ 34. Kf3 Bc5 35. Rg7+ Kf8 36. Rgc7 Rc3+ 37. Ke4 Re3+ 38. Kd5 Rd3+ 39. Ke6
Rd8 40. Rh7 Re8+ 41. Kf6 Be7+ 42. Raxe7 1-0

[Event "World Rapid 2018"]
[Site "St Petersburg RUS"]
[Date "2018.12.26"]
[Round "5.79"]
[White "Zhigalko, Andrey"]
[Black "Shubin, Kirill"]
[Result "1/2-1/2"]
[WhiteTitle "GM"]
[BlackTitle "FM"]
[WhiteElo "2545"]
[BlackElo "2334"]
[WhiteFideId "13502247"]
[BlackFideId "34119962"]
[EventDate "2018.12.26"]

1. e4 e6 2. d4 d5 3. Nc3 Bb4 4. exd5 exd5 5. Bd3 c6 6. Nf3 Ne7 7. O-O O-O 8. Re1
Ng6 9. Bd2 Bd6 10. Ne5 Nd7 11. Qh5 Nf6 12. Qg5 Qb6 13. Ne2 Bxe5 14. dxe5 Ng4 15.
Be3 Nxe3 16. fxe3 Qxb2 17. Nd4 c5 18. Nf3 Re8 19. Rab1 Qc3 20. Qh5 c4 21. Ng5
cxd3 22. Qxh7+ Kf8 23. Nxf7 dxc2 24. Rbc1 Nxe5 25. Nd6 Be6 26. Rf1+ Ke7 27. Nxe8
Rxe8 28. Rxc2 Qxe3+ 29. Kh1 Rg8 30. Rc7+ Nd7 31. Rxb7 Qd4 32. h3 Rc8 33. Re1 Rc6
34. Qg6 Qf6 35. Qg3 d4 36. Rxa7 Rd6 37. Qa3 Qf2 38. Qb4 d3 39. Ra6 Qc5 40. Qh4+
Nf6 41. Rxd6 Qxd6 42. Qg5 Kf7 43. a4 d2 44. Rd1 Ne4 45. Qe3 Bf5 46. a5 Bg6 47.
Kg1 Kg8 48. Qb6 Qg3 49. a6 Qe1+ 50. Rxe1 dxe1=Q+ 51. Kh2 Qg3+ 52. Kg1 Ng5 53. a7
Nxh3+ 54. Kh1 Nf2+ 55. Kg1 Nh3+ 56. Kh1 Nf2+ 57. Kg1 Nh3+ 58. Kh1 Qe1+ 59. Kh2
Qe5+ 60. Kxh3 1/2-1/2

[Event "World Rapid 2018"]
[Site "St Petersburg RUS"]
[Date "2018.12.26"]
[Round "5.80"]
[White "Mikhalevski, Victor"]
[Black "Gaifullin, Artur"]
[Result "0-1"]
[WhiteTitle "GM"]
[BlackTitle "FM"]
[WhiteElo "2579"]
[BlackElo "2448"]
[WhiteFideId "2801914"]
[BlackFideId "24168653"]
[EventDate "2018.12.26"]

1. Nf3 Nf6 2. g3 d5 3. Bg2 c5 4. O-O e6 5. c4 d4 6. e3 Nc6 7. b3 Be7 8. exd4
cxd4 9. Re1 O-O 10. d3 Ne8 11. Ne5 Nxe5 12. Rxe5 f6 13. Re1 e5 14. f4 exf4 15.
gxf4 Bd6 16. Ba3 Qa5 17. c5 Bxf4 18. c6 Bg4 19. b4 Bxh2+ 20. Kf2 Qf5+ 21. Bf3
Qf4 22. Qb3+ Kh8 23. Nd2 Qxd2+ 0-1

[Event "World Rapid 2018"]
[Site "St Petersburg RUS"]
[Date "2018.12.26"]
[Round "5.81"]
[White "Belozerov, Andrei"]
[Black "Yeritsyan, Aram"]
[Result "1-0"]
[WhiteTitle "GM"]
[BlackTitle "FM"]
[WhiteElo "2528"]
[BlackElo "2372"]
[WhiteFideId "4120213"]
[BlackFideId "34161047"]
[EventDate "2018.12.26"]

1. e4 e5 2. Nf3 Nc6 3. Nc3 Nf6 4. Bc4 Bc5 5. d3 h6 6. a3 a6 7. Be3 d6 8. Bxc5
dxc5 9. Bd5 Nxd5 10. exd5 Ne7 11. Nxe5 Nxd5 12. Qf3 Be6 13. O-O O-O 14. Rfe1 Qd6
15. Nc4 Qd7 16. Ne4 b6 17. Ne5 Qa4 18. b3 Qe8 19. Qg3 Kh8 20. Qh4 Qe7 21. Qh5
Nf6 22. Nxf6 Qxf6 23. Re3 Rae8 24. Rae1 Kh7 25. h3 Qg5 26. Qxg5 hxg5 27. Nf3 Bd7
28. Nxg5+ Kg6 29. f4 a5 30. Nf3 f6 31. Re7 Rxe7 32. Rxe7 Rd8 33. a4 Kh7 34. Kf2
Kg8 35. g4 Kf8 36. Re3 Re8 37. Rxe8+ Bxe8 38. f5 Ke7 39. Ke3 Kd6 40. Nd2 Kd5 41.
Ne4 Ke5 42. Ng3 Bf7 43. Ne2 c6 44. d4+ cxd4+ 45. Nxd4 Kd5 46. c4+ Kd6 47. Ke4 c5
48. Nb5+ Kc6 49. Nc3 Kd6 50. Nd5 Kc6 51. h4 Be8 52. g5 fxg5 53. hxg5 Bf7 54. Ke5
Be8 55. f6 gxf6+ 56. gxf6 Bf7 57. Kf5 Bg8 58. Kg6 1-0

[Event "World Rapid 2018"]
[Site "St Petersburg RUS"]
[Date "2018.12.26"]
[Round "5.82"]
[White "Lobanov, Sergei"]
[Black "Jones, Gawain C B"]
[Result "0-1"]
[WhiteTitle "IM"]
[BlackTitle "GM"]
[WhiteElo "2526"]
[BlackElo "2682"]
[WhiteFideId "24183750"]
[BlackFideId "409561"]
[EventDate "2018.12.26"]

1. e4 c5 2. Nf3 d6 3. d4 cxd4 4. Nxd4 Nf6 5. Nc3 g6 6. Be3 Bg7 7. f3 Nc6 8. Qd2
O-O 9. O-O-O d5 10. exd5 Nxd5 11. Nxc6 bxc6 12. Bd4 Bxd4 13. Qxd4 Qc7 14. h4 Rd8
15. h5 Bf5 16. hxg6 Bxg6 17. Re1 Rab8 18. Nxd5 Rxd5 19. Qe3 Qd6 20. Bc4 Rd4 21.
Bb3 a5 22. Rd1 c5 23. c3 Qc7 24. Bc2 Qb6 25. b3 Rxd1+ 26. Rxd1 a4 27. c4 Qf6 28.
Bxg6 hxg6 29. Kc2 axb3+ 30. axb3 Ra8 31. Rd2 Qa1 32. Kd3 Qb1+ 33. Ke2 Ra1 34.
Qf2 Kg7 35. g4 Ra6 36. Rd3 Re6+ 37. Re3 Rd6 0-1

[Event "World Rapid 2018"]
[Site "St Petersburg RUS"]
[Date "2018.12.26"]
[Round "5.83"]
[White "Paravyan, David"]
[Black "Kazhgaleyev, Murtas"]
[Result "1-0"]
[WhiteTitle "GM"]
[BlackTitle "GM"]
[WhiteElo "2634"]
[BlackElo "2587"]
[WhiteFideId "4194985"]
[BlackFideId "13700316"]
[EventDate "2018.12.26"]

1. e4 e5 2. Nf3 Nc6 3. Bb5 a6 4. Ba4 Nf6 5. O-O Be7 6. d3 d6 7. c3 O-O 8. Nbd2
Re8 9. d4 b5 10. Bc2 Bf8 11. a4 Bb7 12. Re1 exd4 13. cxd4 Nb4 14. Bb1 c5 15. d5
Nd7 16. Nf1 c4 17. Be3 Nc5 18. axb5 axb5 19. Rxa8 Qxa8 20. Bxc5 dxc5 21. Ng3 g6
22. Qd2 Bg7 23. h4 Qa1 24. e5 Qa8 25. d6 Bxf3 26. gxf3 Rxe5 27. d7 Qd8 28. Rxe5
Bxe5 29. Ne4 Bd4 30. Kg2 Nc6 31. Nxc5 Bxc5 32. Qd5 Nd4 33. Qxc5 Qxd7 34. h5 Ne6
35. Qe5 Qc7 36. Qxb5 Nf4+ 37. Kg1 Nxh5 38. Ba2 Qf4 39. Bxc4 Kg7 40. Be2 Qd4 41.
Bf1 Nf6 42. b4 Nd5 43. Qd7 Qd1 44. Qg4 h5 45. Qe4 Nf6 46. Qf4 Qd5 47. b5 Qc5 48.
Qb8 Nd7 49. Qf4 Nb6 50. Kg2 Nd7 51. Qd2 Nb6 52. Qb2+ Kg8 53. Qf6 Nd5 54. Qe5 f6
55. Qe4 g5 56. Bc4 1-0

[Event "World Rapid 2018"]
[Site "St Petersburg RUS"]
[Date "2018.12.26"]
[Round "5.84"]
[White "Zvjaginsev, Vadim"]
[Black "Apryshko, Gleb"]
[Result "1-0"]
[WhiteTitle "GM"]
[BlackTitle "FM"]
[WhiteElo "2642"]
[BlackElo "2385"]
[WhiteFideId "4113403"]
[BlackFideId "24131792"]
[EventDate "2018.12.26"]

1. g3 h5 2. Nf3 c5 3. e4 Nc6 4. c3 d5 5. exd5 Qxd5 6. Bg2 Qd3 7. Qe2 Bf5 8. Nh4
Bh7 9. Qxh5 e6 10. Qe2 O-O-O 11. f4 Nf6 12. Qxd3 Bxd3 13. Nf3 Ne4 14. b3 Be7 15.
Na3 Bf6 16. Bb2 b5 17. O-O-O Nf2 18. Ne1 Be2 19. Bxc6 Nxh1 20. Bxh1 Bxd1 21.
Kxd1 Rxh2 22. Bg2 b4 23. Nb1 g5 24. fxg5 Bg7 25. Kc2 Kc7 26. Bc1 a5 27. a4 Kb6
28. d3 Be5 29. Bf4 Bxf4 30. gxf4 Rh4 31. Nd2 Rxf4 32. Be4 Rf2 33. Nf3 Rh8 34.
cxb4 cxb4 35. d4 Rc8+ 36. Kd1 Rc3 37. Ke1 Rg2 38. Kf1 Rg4 39. Kf2 Kc7 40. d5 Kd8 1-0

[Event "World Rapid 2018"]
[Site "St Petersburg RUS"]
[Date "2018.12.26"]
[Round "5.85"]
[White "Zubritskiy, Artyom"]
[Black "Yilmaz, Mustafa"]
[Result "0-1"]
[WhiteTitle "IM"]
[BlackTitle "GM"]
[WhiteElo "2442"]
[BlackElo "2636"]
[WhiteFideId "4181247"]
[BlackFideId "6302718"]
[EventDate "2018.12.26"]

1. d4 Nf6 2. c4 e6 3. g3 c5 4. d5 exd5 5. cxd5 d6 6. Nc3 g6 7. Bg2 Bg7 8. Nf3
O-O 9. O-O Re8 10. Nd2 b6 11. a4 Nbd7 12. Nc4 Ne5 13. Na3 Nh5 14. h3 a6 15. Qc2
f5 16. e3 b5 17. Ne2 Bd7 18. Ra2 Rc8 19. f4 Nf7 20. Bd2 c4 21. Qc1 Qb6 22. Nc2
Nf6 23. a5 Qb7 24. Bc3 Ne4 25. Bxg7 Kxg7 26. Nb4 Qa7 27. Bxe4 Rxe4 28. Qc3+ Kg8
29. Nd4 Rce8 30. Kf2 Nd8 31. Re1 Nb7 32. Ra3 Nc5 33. Qd2 Bc8 34. Kg1 Qe7 35. Rc3
Bb7 36. Nf3 h6 37. Nd4 Qf6 38. Kf1 R4e7 39. Ra3 Ne4 40. Qg2 Nc5 41. Qf3 Kh7 42.
Re2 Re4 43. Kf2 Qf7 44. Rd2 R4e7 45. Rd1 Ne4+ 46. Kg2 c3 47. bxc3 Nf6 48. c4
bxc4 49. Ndc6 Re4 50. Kg1 Nxd5 51. Nxd5 Bxc6 52. Nc3 Qc7 53. Nxe4 Bxe4 54. Qf2
c3 55. Rc1 c2 56. Qd2 Rc8 57. Rb3 Qc4 58. Rb4 Qc5 59. Rd4 Rc6 60. Kf2 h5 61. h4
Qa3 62. Rb4 Rc7 63. Rb6 d5 64. Ke2 d4 65. Kf2 Rc3 66. Qxd4 Rd3 67. Qf6 Rd2+ 0-1

[Event "World Rapid 2018"]
[Site "St Petersburg RUS"]
[Date "2018.12.26"]
[Round "5.87"]
[White "Pogosyan, Stefan"]
[Black "Vaisser, Anatoli"]
[Result "1-0"]
[WhiteTitle "FM"]
[BlackTitle "GM"]
[WhiteElo "2365"]
[BlackElo "2505"]
[WhiteFideId "34159867"]
[BlackFideId "603252"]
[EventDate "2018.12.26"]

1. d4 Nf6 2. c4 c5 3. d5 b5 4. cxb5 a6 5. b6 e6 6. Nc3 Nxd5 7. Nxd5 exd5 8. Qxd5
Nc6 9. Nf3 Rb8 10. e4 Be7 11. Bc4 O-O 12. O-O Rxb6 13. Ng5 Qe8 14. b3 Bb7 15.
Qf5 Bxg5 16. Bxg5 d6 17. Rfe1 Nd4 18. Qg4 Kh8 19. Rad1 Bc8 20. Qg3 Be6 21. Bd3
Qd7 22. Be3 Nc6 23. Bb1 Nd4 24. Rxd4 cxd4 25. Bxd4 f5 26. exf5 1-0

[Event "World Rapid 2018"]
[Site "St Petersburg RUS"]
[Date "2018.12.26"]
[Round "5.88"]
[White "Nozdrachev, Vladislav"]
[Black "Tsoi, Dmitry"]
[Result "1-0"]
[WhiteTitle "IM"]
[BlackTitle "FM"]
[WhiteElo "2486"]
[BlackElo "2424"]
[WhiteFideId "24113441"]
[BlackFideId "24194697"]
[EventDate "2018.12.26"]

1. e4 e5 2. Nf3 d6 3. Nc3 Nf6 4. d4 exd4 5. Nxd4 Be7 6. g3 d5 7. e5 Ng4 8. e6
Nf6 9. exf7+ Kxf7 10. Bg2 Re8 11. O-O c6 12. Nce2 Nbd7 13. c4 Nb6 14. cxd5 Nbxd5
15. Nf4 Nxf4 16. Bxf4 Bc5 17. Qb3+ Kf8 18. Nf3 Qb6 19. Qc2 Be6 20. Ng5 Bg8 21.
Rac1 Be7 22. Bh3 Rad8 23. Ne6+ Bxe6 24. Bxe6 Bd6 25. Be3 Qa5 26. Bc4 Bc5 27. Bg5
Bxf2+ 28. Rxf2 Qxg5 29. Rcf1 Ke7 30. Qb3 Qc5 31. Bf7 Rh8 32. Qe6+ Kf8 33. Bh5
Qxh5 34. Rxf6+ gxf6 35. Qxf6+ Ke8 36. Qe6# 1-0

[Event "World Rapid 2018"]
[Site "St Petersburg RUS"]
[Date "2018.12.26"]
[Round "5.89"]
[White "Guimaraes, Diogo Duarte"]
[Black "Gordievsky, Dmitry"]
[Result "0-1"]
[WhiteTitle "FM"]
[BlackTitle "GM"]
[WhiteElo "2278"]
[BlackElo "2614"]
[WhiteFideId "2112450"]
[BlackFideId "24112798"]
[EventDate "2018.12.26"]

1. e4 c5 2. Nf3 Nc6 3. d4 cxd4 4. Nxd4 Qb6 5. Nb3 Nf6 6. Be3 Qc7 7. Nc3 e6 8. g3
a6 9. Bg2 h5 10. O-O h4 11. Na4 hxg3 12. hxg3 d6 13. Nb6 Rb8 14. a4 Ne5 15. a5
Bd7 16. Nd4 Be7 17. c4 Rd8 18. Qe2 Neg4 19. b4 Nxe3 20. Qxe3 g6 21. Rfc1 Kf8 22.
f4 e5 23. Nxd7+ Qxd7 24. Ne2 Kg7 25. Rd1 Qg4 26. Qf3 Rc8 27. Rac1 exf4 28. Nxf4
Qg5 29. Rf1 Rcf8 30. Qc3 Kg8 31. Nh3 Qh6 32. Rce1 Nd7 33. Rf4 Bg5 34. Rf2 Ne5
35. c5 Ng4 36. Rfe2 dxc5 37. Qxc5 Bd2 38. e5 Bxe1 39. Rxe1 Qd2 40. Rf1 Rxh3 0-1

[Event "World Rapid 2018"]
[Site "St Petersburg RUS"]
[Date "2018.12.26"]
[Round "5.90"]
[White "Vlassov, Nikolai"]
[Black "Borisenko, Viacheslav"]
[Result "1-0"]
[WhiteTitle "IM"]
[BlackTitle "IM"]
[WhiteElo "2401"]
[BlackElo "2289"]
[WhiteFideId "4103360"]
[BlackFideId "14115824"]
[EventDate "2018.12.26"]

1. e4 c5 2. c3 e5 3. Nf3 Nc6 4. Bc4 Qc7 5. O-O Nf6 6. d3 Be7 7. Ng5 Nd8 8. Qb3
O-O 9. f4 h6 10. fxe5 hxg5 11. exf6 Bxf6 12. Na3 a6 13. Nc2 d6 14. Ne3 Be6 15.
Bd2 b5 16. Bd5 Rb8 17. Rf2 Be5 18. Raf1 Bf4 19. Nf5 c4 20. Qa3 Bxd2 21. Rxd2
Bxf5 22. Rxf5 cxd3 23. Rxd3 g6 24. Rf6 b4 25. cxb4 Kg7 26. Rf2 f6 27. Qc3 Qe7
28. a3 Nf7 29. Bxf7 Rxf7 30. Qc6 g4 31. Rxd6 g3 32. hxg3 Rh8 33. Re6 Qd8 34. Rd6
Qe7 35. Qd5 Rh5 36. Qd4 Re5 37. Re2 Qc7 38. Rd5 Rfe7 39. Rxe5 Rxe5 40. Rd2 Re7
41. Kf2 Qc6 42. Qd5 Qc1 43. g4 Qh1 44. g5 Qh4+ 45. Ke3 fxg5 46. Qd4+ Kh7 47. Kd3
Qg4 48. Kc3 Rxe4 49. Qd7+ Kh6 50. Qxg4 Rxg4 51. a4 Rf4 52. b5 Rxa4 53. b6 Ra5
54. b4 Rb5 55. Rd6 Kh5 56. Kc4 Kh4 57. Rxg6 g4 58. b7 Rxb7 59. Rxa6 Rc7+ 60. Kb3
Rb7 61. Ra2 g3 62. Rb2 Kg4 63. Kc4 Rc7+ 64. Kb3 Rb7 65. Rd2 Kf4 66. Rd3 Re7 67.
Rd2 Ke3 68. Rb2 Rb7 69. Kc4 Rc7+ 70. Kd5 Rf7 71. Ke5 Re7+ 72. Kf6 Re8 73. b5
Rf8+ 74. Kg7 Rf2 75. Rb3+ Kf4 76. b6 1-0

[Event "World Rapid 2018"]
[Site "St Petersburg RUS"]
[Date "2018.12.26"]
[Round "5.91"]
[White "Drygalov, Andrey"]
[Black "Dubrovin, Robert"]
[Result "1-0"]
[WhiteTitle "IM"]
[WhiteElo "2481"]
[BlackElo "2220"]
[WhiteFideId "24171735"]
[BlackFideId "4501829"]
[EventDate "2018.12.26"]

1. e4 e6 2. d4 d5 3. Nd2 Nf6 4. e5 Nfd7 5. Bd3 c5 6. c3 Nc6 7. Ngf3 g5 8. h3 h5
9. Nf1 Be7 10. Ne3 Rg8 11. g4 h4 12. a3 cxd4 13. cxd4 Qb6 14. Qa4 f6 15. exf6
Bxf6 16. Nc2 e5 17. dxe5 Ndxe5 18. Nxe5 Bxe5 19. O-O Bd7 20. Qb5 Qc7 21. Qxd5
O-O-O 22. Qg2 Kb8 23. Be4 Be6 24. Be3 Nd4 25. Nxd4 Bxd4 26. Rac1 Qb6 27. Bxd4
Rxd4 28. b4 Rf8 29. Rc5 Rd2 30. Qh2+ Ka8 31. Qc7 Qxc7 32. Rxc7 Bd5 33. Rd7 Bxe4
34. Rxd2 a6 35. Re1 Bc6 36. Re5 Rf3 37. Re3 Rf4 38. f3 Rc4 39. Kg2 Ka7 40. Rf2
Kb6 41. Re5 Rc3 42. Rxg5 Rxa3 43. Re5 Rd3 44. g5 Rd6 45. Kh2 1-0

[Event "World Rapid 2018"]
[Site "St Petersburg RUS"]
[Date "2018.12.26"]
[Round "5.92"]
[White "Dzhumagaliev, Yan"]
[Black "Danielyan, Vahe"]
[Result "1-0"]
[WhiteTitle "FM"]
[BlackTitle "FM"]
[WhiteElo "2410"]
[BlackElo "2220"]
[WhiteFideId "24100110"]
[BlackFideId "13304828"]
[EventDate "2018.12.26"]

1. d4 Nf6 2. c4 c5 3. d5 g6 4. Nc3 Bg7 5. g3 O-O 6. Bg2 d6 7. Nf3 e6 8. O-O exd5
9. cxd5 Nbd7 10. Bf4 Qe7 11. Re1 Nh5 12. Bg5 f6 13. Bd2 f5 14. Bg5 Bf6 15. Bh6
Bg7 16. Bxg7 Kxg7 17. e3 Ne5 18. a4 Bd7 19. Nd2 Rac8 20. Qc2 Rfe8 21. f4 Ng4 22.
Nc4 Qf6 23. Bf3 Nh6 24. Rad1 Nf7 25. Qe2 Kh6 26. e4 fxe4 27. Nxe4 Rxe4 28. Bxe4
Bxa4 29. Rd2 Re8 30. Qf3 Kg7 31. Ne3 Bd7 32. Kg2 b5 33. h3 a5 34. Ng4 Qd8 35.
Rde2 Nf6 36. Qc3 b4 37. Qxf6+ Qxf6 38. Nxf6 Kxf6 39. Bd3 Rc8 40. Re7 Rd8 41. g4
a4 42. g5+ Kg7 43. h4 a3 44. bxa3 bxa3 45. Ra1 Kf8 46. Re3 Ra8 47. Bb1 Ra4 48.
Kg3 Rd4 49. Rd3 Rb4 50. Rdxa3 Rd4 51. Re3 c4 52. Ra8+ Kg7 53. Ra7 Rd1 54. Rxd7
Rxb1 55. Ree7 c3 56. Rxf7+ Kg8 57. Rg7+ Kf8 58. Rdf7+ Ke8 59. Rc7 Kf8 60. Rxh7
Kg8 61. Rhd7 1-0

[Event "World Rapid 2018"]
[Site "St Petersburg RUS"]
[Date "2018.12.26"]
[Round "5.93"]
[White "Perdomo, Carlos Andres"]
[Black "Belyakov, Bogdan"]
[Result "0-1"]
[WhiteTitle "IM"]
[BlackTitle "IM"]
[WhiteElo "2301"]
[BlackElo "2459"]
[WhiteFideId "4400852"]
[BlackFideId "24104795"]
[EventDate "2018.12.26"]

1. c4 Nf6 2. Nf3 g6 3. g3 Bg7 4. Bg2 O-O 5. O-O c5 6. Nc3 Nc6 7. d4 d6 8. h3 Bd7
9. Be3 Qc8 10. dxc5 Bxh3 11. cxd6 Bxg2 12. Kxg2 Rd8 13. c5 exd6 14. cxd6 Qe6 15.
Ng5 Qxd6 16. Qb3 Qe7 17. Bc5 Qe8 18. Nb5 Na5 19. Qb4 Qc6+ 20. e4 b6 21. Be7 Nd5
22. exd5 Rxd5 23. Nxa7 Rxa7 24. Ne4 Rd4 0-1